| 000 | 00698nam a22002057a 4500 | ||
|---|---|---|---|
| 005 | 20251108174900.0 | ||
| 008 | 250721s9999 xx 000 0 ara d | ||
| 082 | 1 | 4 | _a956.4052/عزي |
| 100 | 1 |
_aالعزيزي، محمد رامز عبد الفتاح _eمؤلف |
|
| 245 | 1 | 0 | _aمجزرة غزة وثائق تاريخية وتحليلات سياسية وتقارير طبية (روايات وصور) / |
| 264 | 1 |
_aعمان : _bدار الأعلام للنشر والتوزيع، |
|
| 300 | _a280ص. | ||
| 650 | 1 | 7 | _aفلسطين |
| 650 | 1 | 7 | _aاسرائيل |
| 650 | 1 | 7 | _aالحرب |
| 650 | 1 | 7 | _aالمجازرالبشرية |
| 653 | _aغزة | ||
| 942 |
_2ddc _cBK |
||
| 999 |
_c120514 _d120514 |
||